Slovenská televízia a Slovenský rozhlas pripravili deficitné rozpočty na budúci rok

Návrhy rozpočtov Slovenskej televízie (STV) a Slovenského rozhlasu (SRo) na rok 2000 - ide o deficitné rozpočty. Predpokladané náklady SRo. Deficitná situácia v STV. Základné parametre navrhovaných rozpočtov.

Gespeichert in:
Bibliographische Detailangaben
1. Verfasser: Babitzová, Eva
Format: Buchkapitel
Sprache:Slowakisch
Schlagworte:
Tags: Tag hinzufügen
Keine Tags, Fügen Sie das erste Tag hinzu!

MARC

LEADER 00000naa a2200000 4500
001 r036738
005 20230921104200.1
041 0 |a slo 
044 |a SK 
245 1 0 |a Slovenská televízia a Slovenský rozhlas pripravili deficitné rozpočty na budúci rok  |c Eva Babitzová 
520 |a Návrhy rozpočtov Slovenskej televízie (STV) a Slovenského rozhlasu (SRo) na rok 2000 - ide o deficitné rozpočty. Predpokladané náklady SRo. Deficitná situácia v STV. Základné parametre navrhovaných rozpočtov. 
610 2 0 |a televízia 
610 2 0 |a rozhlas 
610 2 0 |a rozpočty 
610 2 0 |a deficit rozpočtový 
610 2 0 |a náklady 
610 2 0 |a príjmy 
610 2 0 |a Slovensko 
610 2 0 |a Slovenská televízia Bratislava 
610 2 0 |a Slovenský rozhlas 
100 1 |a Babitzová, Eva